000 00781nam a2200289Ia 4500
001 74181
003 IT-RoPAU
008 130308s9999 xx 000 0 und d
040 _aIT-RoPAU
040 _cIT-RoPAU
041 _aITALIANO
100 _aMichel Paul
100 _gCodice Aut. SPICS: 25822
245 _aSviluppo delle capacità musicali nella prima infanzia
245 _bDidattica della Musica e Percezione Musicale
250 _a1a ed.
260 _aBOLOGNA
260 _bZanichelli
260 _c1988 [1° Ed.:1988 - Ed.Ling.Originale:1988]
300 _a"7 p. (prefazione: no ; testo: 7 [pagine: 33-39])"
650 _aEDUCAZIONE ALLA MUSICA
650 _eCodice materia Spics: 7012
942 _cBK
957 _71
999 _c60795
_d60795
999 _bSI
999 _g1